Srdce Eurasie
Čína a Rusko v 80. rokoch odštartovali reformy, ktoré mali vyviesť najväčšie socialistické krajiny z byrokratického riadenia ekonomiky a politiky. Prehľad vybraných makroekonomických ukazovateľov Číny a Ruska. Najdôležitejšie exportné trhy Číny. Koncepcia rozvoja Čínskej ekonomiky. Diskusie o možnej...
Saved in:
| Main Author: | |
|---|---|
| Format: | Book Chapter |
| Language: | Czech |
| Subjects: | |
| Tags: |
No Tags, Be the first to tag this record!
|
MARC
| LEADER | 00000naa a2200000 4500 | ||
|---|---|---|---|
| 001 | r041007 | ||
| 005 | 20231004065421.1 | ||
| 041 | 0 | |a cze | |
| 044 | |a CZ | ||
| 245 | 1 | 0 | |a Srdce Eurasie |c Oskar Krejčí |
| 520 | |a Čína a Rusko v 80. rokoch odštartovali reformy, ktoré mali vyviesť najväčšie socialistické krajiny z byrokratického riadenia ekonomiky a politiky. Prehľad vybraných makroekonomických ukazovateľov Číny a Ruska. Najdôležitejšie exportné trhy Číny. Koncepcia rozvoja Čínskej ekonomiky. Diskusie o možnej orientácii ruskej zahraničnej politiky. Snaha o oživenie Eurázie. | ||
| 610 | 2 | 0 | |a vývoj hospodársky |
| 610 | 2 | 0 | |a Čína |
| 610 | 2 | 0 | |a Rusko |
| 610 | 2 | 0 | |a Ázia |
| 610 | 2 | 0 | |a ukazovatele makroekonomické |
| 610 | 2 | 0 | |a kríza hospodárska |
| 610 | 2 | 0 | |a kríza politická |
| 610 | 2 | 0 | |a reformy hospodárske |
| 100 | 1 | |a Krejčí, Oskar | |